[Event "GER-chT WK U18 4th"]
[Site "Kiel"]
[Date "2008.06.01"]
[Round "4.3"]
[White "Janson, Gregor"]
[Black "Karmann, Adrian"]
[Result "1-0"]
[WhiteElo "1096"]
[BlackElo "1051"]
[PlyCount "71"]
[EventDate "2008.05.31"]
[EventType "team-swiss"]
[EventRounds "7"]
[EventCountry "GER"]
[SourceTitle "EXT 2010"]
[Source "ChessBase"]
[SourceDate "2010.11.25"]
[SourceVersion "1"]
[SourceVersionDate "2010.11.25"]
[SourceQuality "1"]

1. d4 e6 2. Nf3 d5 3. e3 Bd7 4. Bd3 c5 5. c3 c4 6. Bc2 Bd6 7. Nbd2 Qa5 8. 0-0 Nf6 9. Re1 0-0 10. e4 Ne8 11. e5 Be7 12. a4 Nc7 13. b4 cxb3 14. Bxb3 Qxc3 15. Ba3 Bxa3 16. Rxa3 Qb4 17. Ra1 Nba6 18. Qc2 Rac8 19. Ng5 g6 20. Qd3 h6 21. Ngf3 b5 22. Qe3 Kh7 23. a5 Na8 24. Qd3 Rc3 25. Qb1 Rfc8 26. h4 N8c7 27. h5 Ne8 28. Nh4 Qxd4 29. Ndf3 Qg4 30. hxg6+ fxg6 31. Ba2 d4 32. Bb3 Kg7 33. Nxg6 Bc6 34. Kf1 b4 35. Nfh4 Bb5+ 36. Kg1 1-0